000 00679nam a2200265 i 4500
001 C2-0095452
003 PPAK
005 20180727093121.0
008 970518s1994 my a|||| ||||| | may d
020 _a9838031313
040 _aPPAK
_beng
_cPPAK
_erda
082 0 4 _a070
_223
090 0 0 _a070
_bSUL
_dG
090 0 0 _a070
_bSUL
_dK
100 0 _aSulaiman Zakaria,
_eauthor
245 1 0 _aAkhbar
264 1 _aPetaling Jaya, Selangor :
_bSetiamas ,
_c1994
300 _a36 pages :
_billustrations ;
_c21 cm
336 _2rdacontent
_atext
337 _2rdamedia
_aunmediated
338 _2rdacarrier
_avolume
650 1 0 _aNewspapers
700 _eauthor
942 _ddc
_cB
999 _c20211
_d20211